000 00933nam a22002897a 4500
001 BR7000584
003 BR-BrBNA
005 20230928083612.0
007 ta
008 230509b bl.||||| |||| 00| 0 por d
040 _aBR-BrBNA
_bpor
_cBiblioteca Nacional de Agricultura
041 _a(Por)
072 _aH20
_b4120
_b/G514
090 _ 4120 BR7000584
100 1 _aSantos Filho, H.P.
110 1 _aInstituto de Pesquisas e Experimentacao Agropecuarias do Leste, Cruz das Almas, BA (Brasil)
_96180
245 1 _aPrimeira relacao de doencas fungicas que ocorrem nos estados da Bahia e de Sergipe [Fungo; Brasil]
260 3 _aCruz das Almas, BA (Brasil):
_c[nd].
300 _a36 p.
500 _aBibliography p. 28-34 (75 ref.); Summary (Eng); Published after 1970
650 _aDoenca de planta
650 _aFungo
650 _aBahia
650 _aSergipe
909 _a202309
_bLucia
_c55
_dLucia Elande
942 _cBK
999 _c14411
_d14411